[Event "Mistrovstvi CR senioru 2016 nad 60 let"]
[Site "Pelclovo divadlo Rychnov nad Kn"]
[Date "2016.08.23"]
[Round "4.17"]
[White "Sveda, Jiri"]
[Black "Brhlik, Antonin"]
[Result "1-0"]
[WhiteElo "1930"]
[BlackElo "1738"]
[PlyCount "83"]
[EventDate "2016.08.20"]

1. e4 c5 2. Nf3 Nc6 3. d3 e6 4. c3 Qa5 5. g3 b5 6. Bg2 Nf6 7. O-O d6 8. e5 Nd7
9. Bf4 d5 10. Re1 c4 11. d4 b4 12. Bd2 Rb8 13. Bf1 Nb6 14. cxb4 Bxb4 15. Nc3
Qa6 16. a3 Be7 17. b4 Qb7 18. Bg2 a6 19. Rb1 Bd7 20. h4 Na7 21. Nh2 Nb5 22.
Nxb5 Bxb5 23. Qg4 Bf8 24. f4 Bd7 25. h5 h6 26. Qf3 Rc8 27. g4 f5 28. exf6 gxf6
29. f5 Rc6 30. fxe6 Bc8 31. Qxf6 Qg7 32. Qf2 Be7 33. Qf7+ Qxf7 34. exf7+ Kxf7
35. b5 axb5 36. Rxb5 Rd6 37. Nf3 Nd7 38. Rf1 Kg7 39. Bb4 Nf6 40. Re1 Kf7 41.
Ne5+ Ke8 42. Ng6 1-0

[Event "Mistrovstvi CR senioru 2016 nad 60 let"]
[Site "Pelclovo divadlo Rychnov nad Kn"]
[Date "2016.08.23"]
[Round "4.18"]
[White "Chladek, Vaclav"]
[Black "Koci, Ladislav"]
[Result "1-0"]
[WhiteElo "2071"]
[BlackElo "1862"]
[PlyCount "92"]
[EventDate "2016.08.20"]

1. e4 c5 2. c3 d6 3. d4 Nf6 4. dxc5 Nc6 5. Bc4 dxc5 6. Qc2 e6 7. Nf3 Qc7 8. Bg5
Be7 9. O-O O-O 10. Nbd2 Ng4 11. Bxe7 Qxe7 12. Rfe1 Nce5 13. Nxe5 Nxe5 14. Be2
Ng6 15. g3 e5 16. Nc4 Qg5 17. Kh1 Bh3 18. Bf1 Bxf1 19. Rxf1 Qg4 20. f3 Qe6 21.
b3 h5 22. Rad1 Rad8 23. Kg2 h4 24. Rxd8 Rxd8 25. Rd1 Qf6 26. Rxd8+ Qxd8 27. Qd2
Qxd2+ 28. Nxd2 hxg3 29. hxg3 Kf8 30. Nc4 b6 31. Nd6 Ne7 32. f4 Nc6 33. Nc4 f6
34. a4 Ke7 35. Kf3 g6 36. f5 Kf7 37. Nd6+ Ke7 38. Nc4 Kf7 39. Ke3 g5 40. Kd3
Ke7 41. Ne3 Kf7 42. Kc4 Na5+ 43. Kb5 Nxb3 44. Ka6 Nd2 45. Kxa7 Nxe4 46. Kxb6
Nxc3 1-0

[Event "Mistrovstvi CR senioru 2016 nad 60 let"]
[Site "Pelclovo divadlo Rychnov nad Kn"]
[Date "2016.08.23"]
[Round "4.19"]
[White "Zboril, Jaroslav"]
[Black "Majerik, Vladimir"]
[Result "1/2-1/2"]
[WhiteElo "1980"]
[BlackElo "1811"]
[PlyCount "29"]
[EventDate "2016.08.20"]

1. Nf3 d5 2. b3 Nf6 3. Bb2 Bf5 4. e3 e6 5. d3 Be7 6. Be2 O-O 7. Nh4 Ne8 8. Nxf5
exf5 9. O-O Bf6 10. Bxf6 Nxf6 11. Nd2 c6 12. Nf3 Nbd7 13. c4 Qe7 14. Qc2 g6 15.
Rac1 1/2-1/2

[Event "Mistrovstvi CR senioru 2016 nad 60 let"]
[Site "Pelclovo divadlo Rychnov nad Kn"]
[Date "2016.08.23"]
[Round "4.20"]
[White "Tsapanidis, Vasilis"]
[Black "Pribyl, Jaroslav"]
[Result "1-0"]
[WhiteElo "1817"]
[BlackElo "1964"]
[PlyCount "73"]
[EventDate "2016.08.20"]

1. Nf3 c5 2. c4 Nf6 3. d4 cxd4 4. Nxd4 e5 5. Nf3 e4 6. Nd4 d5 7. e3 Nc6 8. cxd5
Qxd5 9. Bb5 Bb4+ 10. Bd2 Bxd2+ 11. Qxd2 Bd7 12. Nc3 Qg5 13. Bxc6 bxc6 14. g3
O-O 15. Nde2 Bg4 16. h4 Qe5 17. O-O-O a5 18. Qd6 Qe8 19. Rd4 c5 20. Rc4 a4 21.
a3 Be6 22. Rxc5 Bb3 23. Nd4 Rc8 24. Nxb3 axb3 25. Rxc8 Qxc8 26. Rd1 h6 27. Kb1
Re8 28. Qb4 Qe6 29. Rd2 Rc8 30. Rd4 Qf5 31. Rd2 Qe6 32. Qb7 Re8 33. Ne2 Re7 34.
Qb5 Qh3 35. Qxb3 Qf1+ 36. Nc1 Rc7 37. Qb8+ 1-0

[Event "Mistrovstvi CR senioru 2016 nad 70 let"]
[Site "Pelclovo divadlo Rychnov nad Kn"]
[Date "2016.08.23"]
[Round "4.1"]
[White "Jacek, Miloslav"]
[Black "Vitek, Vaclav"]
[Result "1-0"]
[WhiteElo "1977"]
[BlackElo "2035"]
[PlyCount "90"]
[EventDate "2016.08.20"]

1. e4 e6 2. d3 Nf6 3. e5 Nd5 4. c4 Nb6 5. d4 d6 6. Nf3 Be7 7. Bd3 Nc6 8. exd6
cxd6 9. O-O Bf6 10. Be2 d5 11. c5 Nd7 12. Nc3 a6 13. Bf4 O-O 14. Bd6 Re8 15.
Rb1 b5 16. b4 Nb6 17. Re1 Bb7 18. Bg3 Nc4 19. a4 Na7 20. Bf1 Bc6 21. a5 Nc8 22.
Ne5 Bxe5 23. Bxe5 Nxe5 24. Rxe5 f6 25. Rh5 Ra7 26. f4 g6 27. Rh3 Rg7 28. Re3
Rge7 29. Qe2 Qc7 30. g3 e5 31. fxe5 fxe5 32. Qd2 exd4 33. Rxe7 Qxe7 34. Qxd4
Qe3+ 35. Qxe3 Rxe3 36. Ne2 Re4 37. Rb2 Ne7 38. Bg2 Rc4 39. Nf4 d4 40. Bf1 Rc1
41. Kf2 Nf5 42. Nd3 Rc3 43. Ne5 Bd5 44. Nd7 Kf7 45. Nb8 Ne3 1-0

[Event "Mistrovstvi CR senioru 2016 nad 70 let"]
[Site "Pelclovo divadlo Rychnov nad Kn"]
[Date "2016.08.23"]
[Round "4.2"]
[White "Mesiarik, Rudolf"]
[Black "Fiser, Jiri"]
[Result "1/2-1/2"]
[WhiteElo "2092"]
[BlackElo "1952"]
[PlyCount "0"]
[EventDate "2016.08.20"]
[PlyCount "86"]

1. Nf3 Nf6 2. c4 e6 3. g3 d5 4. Bg2 Be7 5. O-O O-O 6. Qc2 c5 7. cxd5 exd5 8. d4
b6 9. Rd1 Bb7 10. Nc3 Nc6 11. Bg5 c4 12. Ne5 Na5 13. Bxf6 Bxf6 14. Ng4 Re8 15.
Nxf6+ Qxf6 16. Bxd5 Bxd5 17. Nxd5 Qd6 18. Nf4 g5 19. Ng2 Qe6 20. e3 Rad8 21. h4
h6 22. Qe2 Kg7 23. Qf3 Rd5 24. Re1 Nc6 25. Rad1 f5 26. Qh5 Qe7 27. Qf3 Qe6 28.
g4 fxg4 29. Qg3 Rf8 30. e4 Rxd4 31. Ne3 Qxe4 32. hxg5 hxg5 33. Qg2 Qxg2+ 34.
Kxg2 Rxd1 35. Rxd1 Ne5 36. Rd5 Re8 37. Rd4 Kf6 38. Nxc4 Nxc4 39. Rxc4 Re2 40.
Rb4 Kf5 41. Kg3 Rd2 42. Rb5+ Kf6 43. a4 Rd4 1/2-1/2

[Event "Mistrovstvi CR senioru 2016 nad 70 let"]
[Site "Pelclovo divadlo Rychnov nad Kn"]
[Date "2016.08.23"]
[Round "4.3"]
[White "Most, Zdenek"]
[Black "Skokan, Zdenek"]
[Result "1/2-1/2"]
[WhiteElo "2038"]
[BlackElo "1967"]
[PlyCount "22"]
[EventDate "2016.08.20"]

1. d4 Nf6 2. Nf3 g6 3. g3 Bg7 4. c4 d6 5. Nc3 O-O 6. Bg2 Nbd7 7. O-O Re8 8. h3
c6 9. Qc2 Qc7 10. b3 e5 11. dxe5 dxe5 1/2-1/2

[Event "Mistrovstvi CR senioru 2016 nad 70 let"]
[Site "Pelclovo divadlo Rychnov nad Kn"]
[Date "2016.08.23"]
[Round "4.4"]
[White "Chmelik, Jiri"]
[Black "Tejkal, Jiri"]
[Result "1/2-1/2"]
[WhiteElo "2013"]
[BlackElo "1910"]
[PlyCount "0"]
[EventDate "2016.08.20"]
[PlyCount "43"]

1. d4 d5 2. Nf3 c6 3. c4 e6 4. Qc2 f5 5. Bf4 Nf6 6. e3 Be7 7. Nc3 O-O 8. Be2
Ne4 9. O-O Nd7 10. Nxe4 fxe4 11. Ne5 Nxe5 12. Bxe5 Bg5 13. Qc3 Bd7 14. f4 exf3
15. Rxf3 Rxf3 16. gxf3 Be8 17. Kh1 Bg6 18. Rf1 Qd7 19. c5 Qf7 20. Bd3 Bxd3 21.
Qxd3 Bf6 22. Bd6 1/2-1/2

[Event "Mistrovstvi CR senioru 2016 nad 70 let"]
[Site "Pelclovo divadlo Rychnov nad Kn"]
[Date "2016.08.23"]
[Round "4.5"]
[White "Pecka, Frantisek"]
[Black "Mutina, Antonin"]
[Result "1-0"]
[WhiteElo "2057"]
[BlackElo "1784"]
[PlyCount "142"]
[EventDate "2016.08.20"]

1. e4 c6 2. d4 d5 3. Nc3 dxe4 4. Nxe4 Bf5 5. Ng3 Bg6 6. Nf3 e6 7. h4 h6 8. Bd3
Bxd3 9. Qxd3 Nf6 10. Bf4 Nd5 11. Bd2 Bd6 12. Ne4 Bf4 13. O-O-O Na6 14. a3 Bxd2+
15. Qxd2 Nf6 16. Nc3 Qc7 17. Qe2 Qf4+ 18. Kb1 O-O-O 19. Ne5 Nd5 20. Nxc6 Nxc3+
21. bxc3 Rd6 22. Qe5 Qxe5 23. Nxe5 Rf8 24. c4 f6 25. c5 Rd5 26. Ng6 Re8 27.
Rhe1 Nc7 28. c4 Rd7 29. d5 exd5 30. Rxe8+ Nxe8 31. cxd5 Nc7 32. d6 Ne6 33. Rd5
Rf7 34. Kb2 Kd7 35. Kc3 b6 36. cxb6 axb6 37. Kb4 Nf8 38. Nxf8+ Rxf8 39. Kb5 Re8
40. Rd2 Re4 41. g3 g5 42. hxg5 fxg5 43. Kxb6 h5 44. Kc5 Ra4 45. Rd3 h4 46. gxh4
gxh4 47. Rh3 Rf4 48. Rh2 Rf5+ 49. Kd4 Ra5 50. Rh3 Kxd6 51. Ke4 Ke6 52. Re3 Kf6
53. Kf3 Kg5 54. Rb3 Rf5+ 55. Kg2 Kg4 56. Rb4+ Kg5 57. a4 Rf7 58. a5 Ra7 59. Ra4
Ra6 60. Kh3 Rf6 61. a6 Rf3+ 62. Kg2 Rf8 63. a7 Ra8 64. Kh3 Kh5 65. Ra5+ Kg6 66.
Kxh4 Kf6 67. f4 Ke6 68. f5+ Kd6 69. Kg5 Kc6 70. f6 Kd6 71. Kg6 Ke6 1-0

[Event "Mistrovstvi CR senioru 2016 nad 70 let"]
[Site "Pelclovo divadlo Rychnov nad Kn"]
[Date "2016.08.23"]
[Round "4.6"]
[White "Truksa, Vaclav"]
[Black "Macura, Emil"]
[Result "0-1"]
[WhiteElo "1883"]
[BlackElo "1985"]
[PlyCount "66"]
[EventDate "2016.08.20"]

1. d4 Nf6 2. Nf3 g6 3. c4 Bg7 4. Nc3 O-O 5. e4 d6 6. Be2 Nbd7 7. O-O e5 8. d5
Nc5 9. Qc2 a5 10. Ne1 Bd7 11. f3 Nh5 12. Nd3 Nxd3 13. Bxd3 Nf4 14. Ne2 Nxd3 15.
Qxd3 f5 16. Be3 b6 17. a3 f4 18. Bd2 a4 19. Nc3 g5 20. Qe2 Rf7 21. h3 Bf6 22.
Rf2 Qf8 23. Nb5 Bd8 24. Bb4 h5 25. Qf1 Rg7 26. Kh1 g4 27. Rc1 Qf6 28. Rcc2 Qh4
29. Nxd6 cxd6 30. Bxd6 Bf6 31. Bb4 gxh3 32. gxh3 Bxh3 33. Rh2 Bxf1 0-1

[Event "Mistrovstvi CR senioru 2016 nad 70 let"]
[Site "Pelclovo divadlo Rychnov nad Kn"]
[Date "2016.08.23"]
[Round "4.7"]
[White "Holecek, Vladimir"]
[Black "Kosek, Lubomir"]
[Result "1/2-1/2"]
[WhiteElo "1921"]
[BlackElo "1737"]
[PlyCount "78"]
[EventDate "2016.08.20"]

1. e4 c6 2. d4 d5 3. Nc3 dxe4 4. Nxe4 Nf6 5. Ng3 g6 6. Nf3 Bg4 7. c3 Bg7 8. Be2
Nbd7 9. Ng5 Bxe2 10. Qxe2 O-O 11. O-O Re8 12. Qc4 Nd5 13. f4 Qb6 14. Kh1 e6 15.
N3e4 Qc7 16. Bd2 Rac8 17. Rae1 h6 18. Nf3 N7f6 19. Nxf6+ Nxf6 20. Ne5 Qd6 21.
Be3 Nd5 22. Bg1 b6 23. h3 b5 24. Qd3 Ne7 25. Qe2 Nf5 26. Rf3 Qd5 27. a3 Nh4 28.
Rd3 a5 29. Qg4 Bf6 30. Qe2 Nf5 31. Bf2 Nh4 32. Rg1 Nf5 33. Kh2 a4 34. g4 Nd6
35. Re3 Nc4 36. Rd3 Bg7 37. Rg2 Rc7 38. Rd1 Nd6 39. Re1 Nc4 1/2-1/2

[Event "Mistrovstvi CR senioru 2016 nad 70 let"]
[Site "Pelclovo divadlo Rychnov nad Kn"]
[Date "2016.08.23"]
[Round "4.8"]
[White "Glembek, Bohumir"]
[Black "Haderka, Karel"]
[Result "0-1"]
[WhiteElo "1798"]
[BlackElo "1803"]
[PlyCount "96"]
[EventDate "2016.08.20"]

1. d4 d5 2. c4 c6 3. cxd5 cxd5 4. Nc3 Nf6 5. Nf3 Nc6 6. Bg5 Qa5 7. Bxf6 exf6 8.
e3 Bb4 9. Qc2 Be6 10. a3 Rc8 11. Rc1 Bd6 12. Bd3 g6 13. O-O O-O 14. Qd1 Ne7 15.
Nb5 Bb8 16. b4 Qd8 17. Rxc8 Qxc8 18. Qc1 a6 19. Nc3 Qd7 20. Qd2 Bg4 21. Ne2
Bxf3 22. gxf3 Qh3 23. f4 h5 24. e4 Qg4+ 25. Kh1 Qf3+ 26. Kg1 dxe4 27. Bc4 Nf5
28. Qc3 Qg4+ 29. Kh1 Qf3+ 30. Qxf3 exf3 31. Ng3 Nxd4 32. Bd5 Rd8 33. Bxb7 Bxf4
34. Rd1 Re8 35. Ne4 Rd8 36. Nxf6+ Kg7 37. Ne4 g5 38. Bxa6 f5 39. Nc5 Re8 40.
Nd3 Bb8 41. Re1 Re2 42. Rxe2 fxe2 43. Ne1 Bf4 44. Bxe2 Nxe2 45. Nd3 Bd2 46. a4
Nf4 47. a5 Nxd3 48. a6 Nxf2+ 0-1

[Event "Mistrovstvi CR senioru 2016 nad 70 let"]
[Site "Pelclovo divadlo Rychnov nad Kn"]
[Date "2016.08.23"]
[Round "4.9"]
[White "Pavlu, Jiri"]
[Black "Glacner, Karel"]
[Result "1/2-1/2"]
[WhiteElo "1850"]
[BlackElo "1552"]
[PlyCount "0"]
[EventDate "2016.08.20"]
[PlyCount "82"]

1. d4 e5 2. dxe5 Nc6 3. Nf3 Qe7 4. c3 Nxe5 5. Nxe5 Qxe5 6. Nd2 Bc5 7. Nf3 Qe7
8. Bf4 Bb6 9. e3 h6 10. Bc4 Nf6 11. Nd4 d5 12. Be2 O-O 13. O-O a6 14. Rc1 Bd7
15. Nf3 Rae8 16. Ne5 Bf5 17. Bf3 c6 18. Bg3 Rd8 19. Nd3 Ne4 20. Qe2 Qg5 21. Bf4
Qg6 22. Ne5 Qh7 23. Bg4 g5 24. Bg3 f6 25. Bxf5 Qxf5 26. Nf3 h5 27. Nd4 Qd7 28.
Qxh5 Kg7 29. Qe2 Rh8 30. f3 Nxg3 31. hxg3 Rh7 32. Qd3 Rdh8 33. Kf2 Rh2 34. Qf5
Qe8 35. Rg1 Kf7 36. Rce1 Bc7 37. f4 Qc8 38. Qxc8 Rxc8 39. Nf3 Rhh8 40. e4 gxf4
41. gxf4 Bxf4 1/2-1/2

[Event "Mistrovstvi CR senioru 2016 nad 70 let"]
[Site "Pelclovo divadlo Rychnov nad Kn"]
[Date "2016.08.23"]
[Round "4.10"]
[White "Tolar, Jan"]
[Black "Laska, Zdenek"]
[Result "1/2-1/2"]
[WhiteElo "1815"]
[BlackElo "1869"]
[PlyCount "0"]
[EventDate "2016.08.20"]
[PlyCount "52"]

1. f4 d5 2. e3 Nf6 3. Nf3 e6 4. b3 c5 5. Bb2 Be7 6. Bb5+ Bd7 7. Bxd7+ Qxd7 8.
d3 Nc6 9. Ne5 Qc7 10. Nd2 O-O 11. O-O Rad8 12. Ng4 d4 13. Nc4 Nxg4 14. Qxg4 b5
15. Ne5 Nxe5 16. fxe5 Qxe5 17. exd4 cxd4 18. Rae1 Qd5 19. Bc1 f5 20. Qh5 g6 21.
Qe2 Rd6 22. Ba3 Rd7 23. Bb2 Rf6 24. Rf4 Bc5 25. Kh1 Qc6 26. Qe5 Rdf7 1/2-1/2

[Event "Mistrovstvi CR senioru 2016 nad 70 let"]
[Site "Pelclovo divadlo Rychnov nad Kn"]
[Date "2016.08.23"]
[Round "4.12"]
[White "Havrlik, Pavel"]
[Black "Palla, Stanislav"]
[Result "1-0"]
[WhiteElo "1833"]
[BlackElo "1690"]
[PlyCount "56"]
[EventDate "2016.08.20"]

1. c4 Nf6 2. Nc3 e6 3. d4 d5 4. Nf3 c6 5. a4 Be7 6. Bg5 O-O 7. Bxf6 Bxf6 8. e4
dxe4 9. Nxe4 Qa5+ 10. Qd2 Qxd2+ 11. Kxd2 Nd7 12. Nxf6+ Nxf6 13. Bd3 Rd8 14. Kc3
b6 15. Nd2 Bb7 16. f3 g6 17. b4 Rac8 18. Be4 Nxe4+ 19. fxe4 b5 20. c5 a6 21. e5
Ra8 22. Ne4 a5 23. Nd6 axb4+ 24. Kxb4 Ba6 25. axb5 cxb5 26. Ra5 Rdb8 27. Rha1
Bb7 28. Nxb7 Rxa5 1-0

[Event "Mistrovstvi CR senioru 2016 nad 50 let"]
[Site "Pelclovo divadlo Rychnov nad K"]
[Date "2016.08.24"]
[Round "5.1"]
[White "Kozak, Milos"]
[Black "Sabol, Marian"]
[Result "1/2-1/2"]
[WhiteElo "2145"]
[BlackElo "2337"]
[PlyCount "90"]
[EventDate "2016.08.20"]

1. d4 Nf6 2. c4 c5 3. d5 b5 4. cxb5 a6 5. bxa6 d6 6. Nc3 g6 7. Nf3 Bg7 8. a7
Rxa7 9. e4 O-O 10. Be2 Ba6 11. O-O Qb6 12. Re1 Ne8 13. Bxa6 Qxa6 14. e5 dxe5
15. Nxe5 Nd6 16. Bf4 Rb7 17. Rb1 Rb4 18. Qf3 Nf5 19. Nd3 Rc4 20. Be5 f6 21. Bg3
Nd7 22. Qe2 Ra8 23. Nf4 Ne5 24. Ne6 Nd4 25. Qd1 Nxe6 26. dxe6 Rd4 27. Qe2 Nd3
28. Red1 f5 29. f3 c4 30. h3 Qc6 31. a4 Rdd8 32. Bf2 Rd6 33. Nb5 Rxe6 34. Qc2
Nxf2 35. Kxf2 Qc5+ 36. Kf1 Be5 37. b4 Qe3 38. Re1 Qf4 39. Nc7 Rd6 40. Rxe5 Rd2
41. Qc3 Rad8 42. Ne6 Qh2 43. Re2 Qh1+ 44. Kf2 Rxe2+ 45. Kxe2 Qxg2+ 1/2-1/2

[Event "Mistrovstvi CR senioru 2016 nad 50 let"]
[Site "Pelclovo divadlo Rychnov nad K"]
[Date "2016.08.24"]
[Round "5.2"]
[White "Urban, Zdenek"]
[Black "Siebenburger, Vlastimil"]
[Result "1-0"]
[WhiteElo "2153"]
[BlackElo "2068"]
[PlyCount "71"]
[EventDate "2016.08.20"]

1. c4 e5 2. Nc3 Nc6 3. g3 g6 4. Bg2 Bg7 5. d3 Nge7 6. f4 d6 7. Nf3 O-O 8. O-O
Bg4 9. h3 Bd7 10. e4 f5 11. Qb3 Na5 12. Qc2 Nac6 13. Kh2 h6 14. Rb1 a5 15. a3
Rb8 16. Bd2 Kh7 17. b4 axb4 18. axb4 Nd4 19. Nxd4 exd4 20. Ne2 b5 21. c5 Bc6
22. cxd6 Qxd6 23. e5 Qd7 24. Bxc6 Nxc6 25. Rfc1 Rb6 26. Ra1 Qd5 27. Ng1 g5 28.
Qa2 Qd7 29. Nf3 gxf4 30. gxf4 Ne7 31. Rc5 c6 32. Rg1 Ng6 33. Bc1 Ne7 34. Bb2
Nd5 35. Bxd4 Nxf4 36. e6 1-0

[Event "Mistrovstvi CR senioru 2016 nad 60 let"]
[Site "Pelclovo divadlo Rychnov nad K"]
[Date "2016.08.24"]
[Round "5.3"]
[White "Bartos, Jan"]
[Black "Humlicek, Vojtech"]
[Result "1-0"]
[WhiteElo "2156"]
[BlackElo "1963"]
[PlyCount "95"]
[EventDate "2016.08.20"]

1. d4 Nf6 2. c4 e6 3. Nf3 b6 4. Bf4 Bb7 5. e3 Be7 6. Nc3 O-O 7. Bd3 d5 8. cxd5
Nxd5 9. Nxd5 Bxd5 10. O-O h6 11. Rc1 c5 12. dxc5 Bxc5 13. a3 a5 14. Qc2 Ra7 15.
Rfd1 Qe7 16. Be4 Bxe4 17. Qxe4 Nd7 18. Ne5 Nxe5 19. Bxe5 Rd7 20. Qg4 Qg5 21.
Qxg5 Rxd1+ 22. Rxd1 hxg5 23. a4 Rc8 24. Rc1 Rd8 25. Kf1 g4 26. Ke2 Kh7 27. Bc3
Rd5 28. h3 gxh3 29. Rh1 Rg5 30. Rxh3+ Kg6 31. g3 e5 32. e4 f6 33. f3 Rh5 34.
Rxh5 Kxh5 35. Be1 g6 36. Kd3 Bd4 37. b3 f5 38. exf5 gxf5 39. Bc3 Bxc3 40. Kxc3
Kg5 41. Kd3 Kf6 42. Kc4 Ke6 43. g4 Kf6 44. gxf5 Kxf5 45. Kd5 Kf4 46. Ke6 Kxf3
47. Kxe5 Ke3 48. Kd5 1-0

[Event "Mistrovstvi CR senioru 2016 nad 50 let"]
[Site "Pelclovo divadlo Rychnov nad "]
[Date "2016.08.24"]
[Round "5.4"]
[White "Elias, Miroslav"]
[Black "Fiedler, Bedrich"]
[Result "1-0"]
[WhiteElo "2047"]
[BlackElo "2114"]
[PlyCount "77"]
[EventDate "2016.08.20"]

1. e4 g6 2. d4 c6 3. Nc3 d5 4. exd5 cxd5 5. Bf4 Nf6 6. Nb5 Na6 7. c3 Bg7 8. Be5
O-O 9. Bd3 Bd7 10. a4 Ng4 11. Bxg7 Kxg7 12. Nf3 Nb8 13. O-O a6 14. Na3 Nc6 15.
Re1 Bf5 16. Bxf5 gxf5 17. h3 Nf6 18. Ne5 e6 19. Qd2 Nxe5 20. dxe5 Ne4 21. Qd4
Rc8 22. Rad1 Kh8 23. f3 Ng3 24. c4 dxc4 25. Qxd8 Rfxd8 26. Rxd8+ Rxd8 27. Nxc4
Rd4 28. Nd6 Rd2 29. Nxf7+ Kg8 30. Ng5 Rxb2 31. Nxe6 Ne2+ 32. Kh1 f4 33. Ng5 h6
34. Ne4 Kf7 35. Nc5 b6 36. Nxa6 Ke6 37. Nc7+ Kxe5 38. Nb5 Kf5 39. Rxe2 1-0

[Event "Mistrovstvi CR senioru 2016 nad 50 let"]
[Site "Pelclovo divadlo Rychnov nad K"]
[Date "2016.08.24"]
[Round "5.5"]
[White "Mohapl, Petr"]
[Black "Korinkova, Eva"]
[Result "1-0"]
[WhiteElo "2098"]
[BlackElo "1740"]
[PlyCount "25"]
[EventDate "2016.08.20"]

1. e4 c5 2. c3 g6 3. Bc4 e6 4. d3 d5 5. Bb3 Nc6 6. Nf3 Bg7 7. O-O Nge7 8. Bg5
O-O 9. Qc1 Qc7 10. Bh6 Ne5 11. Nxe5 Qxe5 12. Bf4 Qh5 13. Bd1 1-0

[Event "Mistrovstvi CR senioru 2016 nad 50 let"]
[Site "Pelclovo divadlo Rychnov nad K"]
[Date "2016.08.24"]
[Round "5.6"]
[White "Petras, Milan"]
[Black "Pociejowski, Marek"]
[Result "1-0"]
[WhiteElo "1963"]
[BlackElo "1851"]
[PlyCount "125"]
[EventDate "2016.08.20"]

1. e4 Nf6 2. d3 d5 3. e5 Nfd7 4. d4 e6 5. Nf3 c5 6. c3 Nc6 7. Be3 Qb6 8. Qd2
Be7 9. Bd3 O-O 10. O-O f6 11. exf6 Nxf6 12. dxc5 Bxc5 13. Bxc5 Qxc5 14. Re1 Bd7
15. h3 Rae8 16. Ne5 Bc8 17. b4 Qd6 18. Qe2 Nxe5 19. Qxe5 Qxe5 20. Rxe5 Nd7 21.
Re1 a6 22. Nd2 e5 23. f3 b6 24. c4 dxc4 25. Bxc4+ Kh8 26. Ne4 b5 27. Bb3 Re7
28. Rac1 Nf6 29. Rc5 h6 30. Nd6 Bd7 31. Rcxe5 Rxe5 32. Rxe5 Kh7 33. Bc2+ Kg8
34. Bg6 Rd8 35. Nb7 Rf8 36. Kf2 Bc8 37. Nd6 Bd7 38. Ke3 Rd8 39. Nb7 Ra8 40. a3
Bc6 41. Na5 Bd5 42. Bb1 Kf7 43. Be4 Rd8 44. Nb7 Bxb7 45. Bxb7 Rd6 46. Rc5 Rb6
47. Rc7+ Kg6 48. Be4+ Nxe4 49. fxe4 Kf6 50. Kd4 Re6 51. Rc8 Rd6+ 52. Kc5 Rd2
53. Rc6+ Ke5 54. Rxa6 Rxg2 55. Kxb5 Rg3 56. a4 Rxh3 57. Rg6 Rh5 58. a5 Kxe4+
59. Ka4 Kd5 60. Kb5 Rh1 61. a6 h5 62. a7 Ra1 63. Ra6 1-0

[Event "Mistrovstvi CR senioru 2016 nad 50 let"]
[Site "Pelclovo divadlo Rychnov nad K"]
[Date "2016.08.24"]
[Round "5.7"]
[White "Zmeskal, Stanislav"]
[Black "Marinov, Peter"]
[Result "0-1"]
[WhiteElo "1790"]
[BlackElo "1763"]
[PlyCount "96"]
[EventDate "2016.08.20"]

1. e4 d6 2. d4 e6 3. Bd3 Nd7 4. Ne2 Be7 5. O-O e5 6. c3 g5 7. Ng3 h6 8. Bc4
Ngf6 9. Nf5 Nb6 10. Bd3 Bxf5 11. exf5 e4 12. Bc2 g4 13. b3 d5 14. Qe2 Qd7 15.
Bb2 Qxf5 16. c4 c6 17. Nc3 a6 18. Rae1 Nc8 19. Nd1 Bb4 20. Bc3 Bxc3 21. Nxc3
Ne7 22. f3 gxf3 23. Rxf3 Qg5 24. Na4 Nf5 25. Qf2 Ng4 26. Rxf5 Nxf2 27. Rxg5
Nh3+ 28. gxh3 hxg5 29. Kg2 f5 30. Nc5 b6 31. Ne6 Ke7 32. cxd5 cxd5 33. Nc7 Rac8
34. Nxd5+ Kd6 35. Ne3 Ke6 36. b4 Kf6 37. Bb3 Rhd8 38. Nd5+ Rxd5 39. Bxd5 Rd8
40. Bb7 Rxd4 41. Bxa6 Rd2+ 42. Re2 Rd4 43. a3 f4 44. Rc2 Ke5 45. Kf2 Rd1 46.
Bc4 Rh1 47. Ke2 f3+ 48. Kf2 Kf4 0-1

[Event "Mistrovstvi CR senioru 2016 nad 50 let"]
[Site "Pelclovo divadlo Rychnov nad K"]
[Date "2016.08.24"]
[Round "5.8"]
[White "Papacek, Milos"]
[Black "Dolezal, Rudolf"]
[Result "1-0"]
[WhiteElo "1752"]
[BlackElo "1747"]
[PlyCount "75"]
[EventDate "2016.08.20"]

1. e4 c5 2. Nc3 Nc6 3. g3 g6 4. Bg2 Bg7 5. d3 Nh6 6. Be3 Qb6 7. Nd5 Qxb2 8. Rb1
Bc3+ 9. Kf1 Qa3 10. Bxh6 Ba5 11. Ne2 d6 12. Rb3 Qa4 13. Nec3 Qd4 14. Nb5 Qe5
15. Nbc7+ Bxc7 16. Nxc7+ Kd8 17. Nxa8 g5 18. h4 f6 19. hxg5 fxg5 20. f4 gxf4
21. Bxf4 Qg7 22. Qd2 Rf8 23. Kg1 Qa1+ 24. Kh2 Qf6 25. Rf1 Qg6 26. Bg5 Rg8 27.
Bh4 h6 28. c3 Ne5 29. d4 Nc4 30. Qe2 Na5 31. dxc5 Nxb3 32. axb3 Bg4 33. Qb5 Bc8
34. Qa5+ b6 35. Qxa7 Qe6 36. Qxb6+ Kd7 37. Bh3 Rg4 38. c6+ 1-0

[Event "Mistrovstvi CR senioru 2016 nad 60 let"]
[Site "Pelclovo divadlo Rychnov nad K"]
[Date "2016.08.24"]
[Round "5.1"]
[White "Pilar, Miloslav"]
[Black "Novotny, Josef"]
[Result "1-0"]
[WhiteElo "2173"]
[BlackElo "2078"]
[PlyCount "99"]
[EventDate "2016.08.20"]

1. Nf3 d6 2. d4 e6 3. c4 Nf6 4. Nc3 c6 5. Bg5 Be7 6. e3 Nbd7 7. Be2 Qc7 8. O-O
h6 9. Bxf6 Nxf6 10. Qc2 O-O 11. Rac1 e5 12. Rfd1 Bg4 13. Nh4 Bxe2 14. Qxe2 Rfe8
15. Nf5 Bf8 16. Qf3 Nh7 17. Ng3 Re6 18. dxe5 dxe5 19. Rd2 Bb4 20. Qd1 Nf8 21.
a3 Bxc3 22. Rxc3 e4 23. c5 Rae8 24. Rc4 g6 25. b4 Qe7 26. Rcd4 f5 27. Rd6 Re5
28. Ne2 Qf7 29. Qc2 Kh7 30. a4 g5 31. Ng3 R8e7 32. Rd1 Ng6 33. Nh5 Nh4 34. Nf6+
Kg7 35. Qc3 Ng6 36. Nd7 Kh7 37. Nxe5 Nxe5 38. Qd4 Qh5 39. Rd8 Qf7 40. h3 h5 41.
b5 g4 42. hxg4 hxg4 43. Kf1 g3 44. fxg3 Qh5 45. Kf2 Ng4+ 46. Ke1 Qh1+ 47. Kd2
Qxg2+ 48. Kc3 Qxg3 49. Qh8+ Kg6 50. R1d6+ 1-0

[Event "Mistrovstvi CR senioru 2016 nad 60 let"]
[Site "Pelclovo divadlo Rychnov nad K"]
[Date "2016.08.24"]
[Round "5.2"]
[White "Pribyl, Josef"]
[Black "Pospisil, Evzen"]
[Result "1/2-1/2"]
[WhiteElo "2266"]
[BlackElo "2097"]
[PlyCount "51"]
[EventDate "2016.08.20"]

1. d4 Nf6 2. Bf4 e6 3. e3 c5 4. c3 Nc6 5. Nf3 Nh5 6. Bg5 Qb6 7. Qb3 Qxb3 8.
axb3 h6 9. Bh4 g5 10. Bg3 Nxg3 11. hxg3 cxd4 12. exd4 Bg7 13. Na3 Ke7 14. b4 a6
15. Nc4 Rb8 16. Nb6 Kd6 17. d5 exd5 18. O-O-O d4 19. b5 axb5 20. cxd4 Nb4 21.
Bxb5 Kc7 22. Na4 d6 23. Rhe1 Bf6 24. d5 Bd7 25. Bxd7 Kxd7 26. Re4 1/2-1/2

[Event "Mistrovstvi CR senioru 2016 nad 60 let"]
[Site "Pelclovo divadlo Rychnov nad K"]
[Date "2016.08.24"]
[Round "5.3"]
[White "Kohout, Jan"]
[Black "Vorobyov, Yrij"]
[Result "0-1"]
[WhiteElo "1963"]
[BlackElo "2160"]
[PlyCount "128"]
[EventDate "2016.08.20"]

1. e4 c5 2. Nf3 a6 3. c4 e6 4. Nc3 Qc7 5. d4 cxd4 6. Nxd4 Nf6 7. Be2 b6 8. O-O
Bb7 9. f3 Be7 10. Be3 d6 11. Rc1 O-O 12. Qe1 Nbd7 13. Qf2 Rac8 14. Kh1 Qb8 15.
Rfd1 Rfe8 16. Nb3 Bd8 17. Nd2 Bc7 18. f4 Nc5 19. Bxc5 bxc5 20. Bf3 Nd7 21. b3
Bd8 22. Nf1 Nf8 23. Ne2 Bf6 24. Rd3 Qc7 25. Rcd1 Be7 26. Qe3 Bc6 27. Qd2 Ng6
28. g3 Bf8 29. Kg2 Qb7 30. Nc3 Rcd8 31. Kf2 Be7 32. Qe3 h6 33. Ne2 e5 34. Nc3
exf4 35. gxf4 Bf6 36. Ng3 Bd4 37. Rxd4 cxd4 38. Rxd4 Nh4 39. Bh1 f5 40. Nd5 Qa7
41. e5 Kh8 42. e6 Rxe6 43. Re4 Qxe3+ 44. Rxe3 Rxe3 45. Nxe3 Bxh1 46. Nxh1 g5
47. Nd5 Ng6 48. Ng3 Nxf4 49. Nxf4 gxf4 50. Nxf5 Kh7 51. Kf3 Kg6 52. Nd4 Re8 53.
Kxf4 Re1 54. a3 Ra1 55. a4 Rh1 56. Ke4 Rxh2 57. Kd5 Rd2 58. b4 h5 59. Ke4 Ra2
60. a5 h4 61. Nf3 h3 62. c5 dxc5 63. bxc5 Rxa5 64. Kd4 Kf5 0-1

[Event "Mistrovstvi CR senioru 2016 nad 60 let"]
[Site "Pelclovo divadlo Rychnov nad K"]
[Date "2016.08.24"]
[Round "5.4"]
[White "Mlynek, Petr"]
[Black "Sibl, Vaclav"]
[Result "1/2-1/2"]
[WhiteElo "2153"]
[BlackElo "1944"]
[PlyCount "0"]
[EventDate "2016.08.20"]
[PlyCount "54"]

1. d4 d6 2. Nf3 Bg4 3. g3 Bxf3 4. exf3 Nd7 5. f4 c6 6. c4 g6 7. Nc3 e6 8. d5
exd5 9. cxd5 c5 10. Bd3 Ngf6 11. O-O Be7 12. f5 O-O 13. Bh6 Re8 14. g4 Kh8 15.
Bf4 Ne5 16. Bxe5 dxe5 17. Qf3 a6 18. Rfe1 Bf8 19. Rad1 b5 20. g5 Nh5 21. f6 Nf4
22. Be4 Bd6 23. Ne2 Qd7 24. h4 Rab8 25. Kh2 c4 26. Ng3 Qh3+ 27. Kg1 Qxh4
1/2-1/2